Top 30 : Madonna - Statistiques

Statistiques générales
  • Ce quiz a été pris 58 fois
  • Le résultat moyen est 16 sur 30
Statistiques - réponses
Top Titres Featuring % Correct
7 Like a Virgin
92%
2 Like a Prayer
88%
5 Hung Up
84%
4 La Isla Bonita
82%
6 4 Minutes Justin Timberlake, Timbaland
76%
16 Music
76%
8 Vogue
76%
13 Holiday
75%
9 Frozen Sickick
73%
14 Frozen
73%
11 Papa Don't Preach
71%
3 Material Girl
65%
12 Into the Groove
61%
17 Sorry
61%
1 Popular The Weeknd, Playboi Carti
59%
15 Bitch I'm Madonna Nicki Minaj
53%
19 Me Against the Music Britney Spears
43%
23 Ray of Light
41%
24 True Blue
41%
18 Live to Tell
39%
29 Jump
35%
20 Medellín Maluma
35%
21 Take a Bow
31%
26 American Pie
29%
30 Borderline
27%
27 Give It 2 Me
27%
10 Crazy for You
25%
22 Levitating - Remix Dua Lipa, Missy Elliott, The Blessed Madonna
24%
28 Girl Gone Wild
20%
25 The Power of Good-Bye
18%
Aucun quiz correspondant
Distribution des résultats
% des personnes avec chaque résultat
Percentile par nombre de réponses
Votre historique - résultats
Vous n’avez pas pris ce quiz